Công trình năng lượng khí sinh vật Biogas
সংরক্ষণ করুন:
| প্রধান লেখক: | |
|---|---|
| বিন্যাস: | গ্রন্থ |
| ভাষা: | Vietnamese |
| প্রকাশিত: |
Hà Nội
Xây dựng
2010
|
| বিষয়গুলি: | |
| ট্যাগগুলো: |
ট্যাগ যুক্ত করুন
কোনো ট্যাগ নেই, প্রথমজন হিসাবে ট্যাগ করুন!
|
| Thư viện lưu trữ: | Trung tâm Học liệu Lê Vũ Hùng, Trường Đại học Đồng Tháp |
|---|
| LEADER | 00822pam a22002538a 4500 | ||
|---|---|---|---|
| 001 | 00042653 | ||
| 008 | 160217s2014 ||||||Engsd | ||
| 005 | 20181015081058.0 | ||
| 020 | # | # | |c 49000 |
| 041 | 0 | # | |a vie |
| 082 | 1 | 4 | |a 665.7 |b C455TR |
| 100 | 1 | # | |a Nguyễn, Duy Thiện |
| 245 | 1 | 0 | |a Công trình năng lượng khí sinh vật Biogas |c Nguyễn Duy Thiện |
| 260 | # | # | |a Hà Nội |b Xây dựng |c 2010 |
| 300 | # | # | |a 206 tr. |c 21 cm. |
| 653 | # | # | |a Biogas |
| 653 | # | # | |a Sản xuất |
| 653 | # | # | |a Khí sinh học |
| 653 | # | # | |a Kỹ thuật |
| 653 | # | # | |a Môi trường |
| 653 | # | # | |a Năng lượng |
| 852 | # | # | |j KM.0026537 |j KM.0026536 |j KM.0026539 |j KD.0024365 |j KM.0026538 |
| 910 | |d 15/10/2018 | ||
| 980 | # | # | |a Trung tâm Học liệu Lê Vũ Hùng, Trường Đại học Đồng Tháp |